000 01222cam a2200325 a 4500
001 15862836
003 OSt
005 20211227144725.0
008 090811s2009 rh a b 000 0 eng
010 _a 2009334406
020 _a9781779220721
040 _aDLC
_cHU
_dDLC
042 _apcc
043 _afs-----
050 0 0 _aHC900.Z65
_bB49 2009
082 _a333.00143BEY 2009
245 0 0 _aBeyond proprietorship :
_bMurphrees's laws on community-based natural resources management in southern Africa /
_cedited by B.B. Mukamuri, J.M. Manjengwa & S. Anstey.
260 _aAvondale, Harare :
_bWeaver Press,
_cc2009.
300 _avii, 202 p. :
_bill. ;
_c22 cm.
504 _aIncludes bibliographical references.
650 0 _aNatural resources, Communal
_zAfrica, Southern
_xManagement.
_925472
650 0 _aNatural resources, Communal
_zZimbabwe
_xManagement.
_925473
650 0 _aCommunity-based conservation
_zAfrica, Southern.
_925474
700 1 _aMukamuri, Billy B.
_925475
700 1 _aManjengwa, J. M.
_925476
700 1 _aAnstey, Simon.
_925477
906 _a7
_bcbc
_corigode
_d3
_encip
_f20
_gy-gencatlg
942 _2ddc
_cBOOKS
_n0
999 _c24391
_d24391